| 000 | 00000nam 2200000zi 4500 |
| 001 | 9.929816 |
| 003 | CaOODSP |
| 005 | 20251204094118 |
| 006 | m o d f |
| 007 | cr mn||||||||| |
| 008 | 231101t20242024onca ob f000 0 fre d |
| 020 | |a9780660686592 |
| 040 | |aCaOODSP|bfre|erda|cCaOODSP |
| 043 | |an-cn--- |
| 086 | 1 |aM4-244/2023F-PDF |
| 245 | 00|aDocument technique sur le Crédit d'impôt à l'investissement pour le captage, l'utilisation et le stockage du carbone (CUSC-CII) : |bdocument technique. |
| 264 | 1|a[Ottawa] : |bRessources naturelles Canada = Natural Resources Canada, |c[2024] |
| 264 | 4|c©2024 |
| 300 | |a1 ressource en ligne (ix, 168 pages) : |billustrations (principalement en couleur) |
| 336 | |atexte|btxt|2rdacontent/fre |
| 337 | |ainformatique|bc|2rdamedia/fre |
| 338 | |aressource en ligne|bcr|2rdacarrier/fre |
| 500 | |aPublié aussi en anglais sous le titre : Carbon Capture, Utilization and Storage Investment Tax Credit (CCUS-ITC): technical guidance document. |
| 504 | |aComprend des références bibliographiques. |
| 650 | 6|aPiégeage du carbone|zCanada. |
| 650 | 6|aCrédit d'impôt|zCanada. |
| 710 | 1 |aCanada. |bRessources naturelles Canada, |eorganisme de publication. |
| 775 | 08|tCarbon Capture, Utilization and Storage Investment Tax Credit (CCUS-ITC) : |w(CaOODSP)9.929814 |
| 794 | |tDocument technique sur le Crédit d'impôt à l'investissement pour le captage, l'utilisation et le stockage du carbone (CUSC-CII) : |w(CaOODSP)9.957961 |
| 856 | 40|qPDF|s5.94 Mo|uhttps://publications.gc.ca/collections/collection_2024/rncan-nrcan/M4-244-2023-fra.pdf |